<?xml version="1.0" encoding="UTF-8"?><?xml-stylesheet type="text/xsl" href="static/style.xsl"?><OAI-PMH xmlns="http://www.openarchives.org/OAI/2.0/" xmlns:xsi="http://www.w3.org/2001/XMLSchema-instance" xsi:schemaLocation="http://www.openarchives.org/OAI/2.0/ http://www.openarchives.org/OAI/2.0/OAI-PMH.xsd"><responseDate>2026-06-01T19:59:07Z</responseDate><request verb="GetRecord" identifier="oai:riuma.uma.es:10630/22642" metadataPrefix="marc">https://riuma.uma.es/rest/oai/request</request><GetRecord><record><header><identifier>oai:riuma.uma.es:10630/22642</identifier><datestamp>2026-02-03T11:56:35Z</datestamp><setSpec>com_10630_2254</setSpec><setSpec>col_10630_37959</setSpec></header><metadata><record xmlns="http://www.loc.gov/MARC21/slim" xmlns:dcterms="http://purl.org/dc/terms/" xmlns:doc="http://www.lyncode.com/xoai" xmlns:xsi="http://www.w3.org/2001/XMLSchema-instance" xsi:schemaLocation="http://www.loc.gov/MARC21/slim http://www.loc.gov/standards/marcxml/schema/MARC21slim.xsd">
   <leader>00925njm 22002777a 4500</leader>
   <datafield ind2=" " ind1=" " tag="042">
      <subfield code="a">dc</subfield>
   </datafield>
   <datafield ind2=" " ind1=" " tag="720">
      <subfield code="a">Moral-Sánchez, Silvia Natividad</subfield>
      <subfield code="e">author</subfield>
   </datafield>
   <datafield ind2=" " ind1=" " tag="720">
      <subfield code="a">Cabello-Fortes, Sara Inmaculada</subfield>
      <subfield code="e">author</subfield>
   </datafield>
   <datafield ind2=" " ind1=" " tag="260">
      <subfield code="c">2021</subfield>
   </datafield>
   <datafield ind2=" " ind1=" " tag="520">
      <subfield code="a">Mathematical education in early childhood education has the challenge of incorporating ICT (Information &#xd;
and communication technologies) as a vehicle that helps the teaching-learning process, adapting in this &#xd;
way to digital natives. It is also important not to lose the essence of the manipulative and experiential &#xd;
materials that help to build and develop mathematical thinking. Learnings such as the genesis of &#xd;
number, counting, order or magnitude relationships, classifications, associations, identifications or &#xd;
topological and projective coordinates are fundamental concepts for this stage, that will be the basis and &#xd;
a prelude to learning the operations of the additive field and multiplicative or 2D and 3D geometry in the &#xd;
following stages of primary education. On the other hand, motivation when carrying out these activities &#xd;
is essential for lasting and meaningful learning to take place. This proposal aims to make explicit an &#xd;
experience carried out in the second cycle of early childhood education within the field of logic mathematics with an active and participatory methodology of a playful nature, that respects the different &#xd;
learning rhythms. To do this, augmented reality tools have been used combined with manipulative &#xd;
materials that are part of a themed common thread that unites the entire proposal. Autonomous learning &#xd;
achieved by discovery of the experiential and observational method will be analyzed through a grid of &#xd;
items. All this, to achieve a lasting and meaningful learning in mathematics in early childhood education.</subfield>
   </datafield>
   <datafield ind1="8" ind2=" " tag="024">
      <subfield code="a">https://hdl.handle.net/10630/22642</subfield>
   </datafield>
   <datafield tag="653" ind2=" " ind1=" ">
      <subfield code="a">Matemáticas -- Estudio y enseñanza</subfield>
   </datafield>
   <datafield ind2="0" ind1="0" tag="245">
      <subfield code="a">Manipulative materials and augmented reality : a challenge for the for the teaching-learning of Mathematics in early childhood education</subfield>
   </datafield>
</record>
</metadata></record></GetRecord></OAI-PMH>